书目信息 |
| 题名: |
霸权与反霸权
|
|
| 作者: | 多斯桑托斯 , 谢曙光 , 高铦 主编 | |
| 分册: | ||
| 出版信息: | 北京 社会科学文献出版社 2005 |
|
| 页数: | 330页 | |
| 开本: | 22cm | |
| 丛书名: | 全球化译丛 | |
| 单 册: | ||
| 中图分类: | D5-53 | |
| 科图分类: | ||
| 主题词: | 国际政治--国际学术会议--文集 | |
| 电子资源: | ||
| ISBN: | 7-80190-780-9 | |
| 000 | 01868nam0 2200385 450 | |
| 000 | 01831nam0 2200373 450 | |
| 000 | 01829nam0 2200385 450 | |
| 000 | 01775nam0 2200361 450 | |
| 000 | 01771nam0 2200349 450 | |
| 000 | 01734nam0 2200337 45 | |
| 001 | 003012764 | |
| 005 | 20061216112015.07 | |
| 010 | @a7-80190-780-9@dCNY25.00 | |
| 100 | @a20060829d2005 em y0chiy0110 ea | |
| 101 | 1 | @achi@ceng@eeng |
| 102 | @aCN@b110000 | |
| 105 | @ay z 000yy | |
| 200 | 1 | @a霸权与反霸权@ABa Quan Yu Fan Ba Quan@e全球化的局限与地区化进程@EQuan Qiu Hua De Ju Xian Yu Di Qu Hua Jin Cheng@dHegemony and counter-hegemony@ethe globalization constrains and of regionalization@f特奥托尼奥·多斯桑托斯(Theotonio dos Santos),谢曙光,高铦主编@FTe Ao Tuo Ni Ao· Duo Si Sang Tuo Si (Theotonio dos Santos), Xie Shu Guang, Gao Gua Zhu Bian@g高铦译@zeng |
| 210 | @a北京@c社会科学文献出版社@d2005 | |
| 215 | @a330页@d22cm | |
| 225 | 2 | @a全球化译丛 |
| 305 | @a联合国教科文组织-联合国大学所属全球经济与可持续发展网络(REGGEN)2004年8月24日授权翻译出版 | |
| 330 | @a本书收录了多位国际知名学者的论文12篇,包括“霸权与反体系运动”、“地缘政治学和当前的世界乱局”、“纸老虎和龙”等。 | |
| 410 | 0 | @1001012001026517@12001 @a全球化译丛 |
| 510 | 1 | @aHegemony and counter-hegemony@ethe globalization constrains and of regionalization@zeng |
| 517 | 1 | @a全球化的局限与地区化进程@AQuan Qiu Hua De Ju Xian Yu Di Qu Hua Jin Cheng |
| 606 | 0 | @a国际政治@x国际学术会议@x文集 |
| 690 | @aD5-53@v4 | |
| 701 | 0 | @c(巴西)@a多斯桑托斯@ADuo Si Sang Tuo Si@c(Dos Santos,Theotonio)@4主编 |
| 701 | 0 | @a谢曙光@AXie Shu Guang@c(教授)@4主编 |
| 701 | 0 | @a高铦@AGao Gua@c(发展伦理学)@4主编 |
| 801 | 0 | @aCN@b中图数据@c20061216 |
| 905 | @a10447@dD5-53@e144 | |
| 霸权与反霸权:全球化的局限与地区化进程=Hegemony and counter-hegemony:the globalization constrains and of regionalization/特奥托尼奥·多斯桑托斯(Theotonio dos Santos),谢曙光,高铦主编/高铦译.-北京:社会科学文献出版社,2005 |
| 330页;22cm.-(全球化译丛) |
| ISBN 7-80190-780-9:CNY25.00 |
| 本书收录了多位国际知名学者的论文12篇,包括“霸权与反体系运动”、“地缘政治学和当前的世界乱局”、“纸老虎和龙”等。 |
| ● |
| 相关链接 |
|
|
|
|
正题名:霸权与反霸权
索取号:D5-53/144
 
预约/预借
| 序号 | 登录号 | 条形码 | 馆藏地/架位号 | 状态 | 备注 |
| 1 | 0611884 | 206118841 | 第一样本阅览室/ [索取号:D5-53/144] | 在馆 | |
| 2 | 0611885 | 206118850 | 第一借阅区/ [索取号:D5-53/144] | 在馆 | |
| 3 | 0611886 | 206118869 | 第一借阅区/ [索取号:D5-53/144] | 在馆 |